000
00375nam a22000977a 4500
082
_a
355
245
_a
मध्यप्रदेश पुलिस आरक्षक भर्ती परीक्षा साल्वड पेपर्स
260
_a
इन्दौर
_b
पुणेकर पब्लि
650
_a
पुलिस
_9
80965
942
_c
HIN
999
_c
64177
_d
64177